000 01309nam a2200337 i 4500
001 37889
003 FINmELB
005 20241216221533.0
006 m o u
007 cr cn|||||||||
008 220819s2016 ag o 000 0 spa d
020 _z9789876821360
035 _a(OCoLC)1342052135
040 _aFINmELB
_bspa
_erda
_cFINmELB
050 4 _aTX369
_b.H435 2016
080 _a612.3
082 0 4 _a641.302
_223
100 1 _aHealey Barrio, Sacha,
_eautor.
245 1 3 _aLa nutrición inteligente :
_bguía práctica de alimentación y gastronomía viva /
_cSacha Healey Barrio.
264 1 _aBuenos Aires, Argentina :
_bEditorial Antroposófica,
_c2016.
300 _a1 recurso en línea (302 páginas)
336 _atexto
_btxt
_2rdacontent/spa
337 _acomputadora
_bc
_2rdamedia/spa
338 _arecurso en línea
_bcr
_2rdacarrier/spa
588 _aDescripción basada en metadatos suministrados por el editor y otras fuentes.
590 _aRecurso electrónico. Santa Fe, Arg.: elibro, 2022. Disponible vía World Wide Web. El acceso puede estar limitado para las bibliotecas afiliadas a elibro.
650 4 _aAlimentación natural.
655 4 _aLibros electrónicos.
797 2 _aelibro, Corp.
856 4 0 _uhttps://elibro.net/ereader/politecnicointernacional/199362
999 _c37889
_d37889